Schweizer Schokoladenmarken - Statistiken

Allgemein
  • Dieses Quiz wurde 189 mal gespielt
  • Das Durchschnittsergebnis liegt bei 7 aus 14
Answers on the Grid
Answers color-coded by a green-red scale on the quiz's grid according to % correct below.
Berner Bär
Cailler
Ferrero Rocher
Frey
Frigor
Halba
Hersheys
Kägi
Kinder
KitKat
Läderach
Lindor
M&Ms
Maltesers
Mars
Merci
Milky Way
Minor
Mon Chéri
Munz
Ovomaltine
Raffaello
Ragusa
Snickers
Toblerone
Toffifee
Torino
Twix
 
Antwortstatistiken
Antwort % Korrekt
Kägi
69%
Toblerone
68%
Lindor
67%
Cailler
61%
Läderach
57%
Frey
54%
Ovomaltine
54%
Berner Bär
47%
Munz
41%
Frigor
38%
Halba
37%
Ragusa
35%
Minor
30%
Torino
28%
Keine übereinstimmenden Quizze gefunden
Verteilung der Resultate
Anzahl Personen mit jedem Resultat
Perzentil nach korrekt beantworteten Fragen
Ihre Resultats-Entwicklung
Sie haben dieses Quiz noch nicht gespielt